2801-山陽電気鉄道の駅 - Statistics

General Stats
  • This quiz has been taken 409 times
  • The average score is 33 of 50
Answer Stats
本線 % Correct
山陽明石
98%
山陽姫路
98%
山陽網干
97%
山陽須磨
89%
飾磨
89%
飾磨
89%
西代
87%
須磨浦公園
87%
山陽垂水
84%
高砂
84%
舞子公園
83%
東二見
81%
板宿
79%
東須磨
77%
西二見
75%
月見山
73%
山陽塩屋
72%
人丸前
72%
大塩
71%
須磨寺
68%
滝の茶屋
67%
白浜の宮
66%
手柄
66%
林崎松江海岸
63%
西舞子
62%
東垂水
60%
荒井
60%
別府
59%
霞ヶ丘
58%
亀山
58%
江井ヶ島
57%
夢前川
57%
大蔵谷
56%
西新町
56%
西江井ヶ島
56%
山陽魚住
56%
播磨町
56%
藤江
52%
西飾磨
52%
浜の宮
50%
山陽曽根
50%
妻鹿
50%
尾上の松
49%
広畑
46%
中八木
44%
伊保
42%
山陽天満
42%
的形
41%
八家
38%
平松
33%
No matching quizzes found
Score Distribution
Percent of People with Each Score
Percentile by Number Answered
Your Score History
You have not taken this quiz